[Event "Hunan Belt and Road Open 2019"]
[Site "Hunan"]
[Date "2019.08.05"]
[Round "8.18"]
[White "Najer, Evgeniy"]
[Black "Dai, Changren"]
[Result "1-0"]
[WhiteElo "2678"]
[BlackElo "2510"]
[Annotator "TA"]
[PlyCount "97"]
[EventDate "2019.07.29"]
[EventType "swiss"]
[EventCountry "CHN"]
[SourceTitle "playchess.com"]
[Source "ChessBase"]
[SourceQuality "1"]

{[%evp 15,97,20,36,43,72,69,74,42,67,-10,45,39,56,14,26,-3,34,20,61,56,104,104,91,95,89,81,121,125,179,103,110,102,108,108,107,103,105,90,102,102,119,108,121,119,147,134,154,147,157,165,174,171,164,151,149,141,127,105,131,112,132,131,177,169,217,203,256,249,376,370,447,443,442,434,541,535,524,521,502,469,29995,512,486,484]} 1. d4 d5 2. c4 e6 3. Nc3 Be7 4. cxd5 exd5 5. Bf4 c6 6. Qc2 g6 7. e3 Bf5 8. Qd2 Nf6 9. f3 {D31: Queen's Gambit Declined: Semi-Slav without ...Nf6 (+ Marshall Gambit and Noteboom) and Exchange Variation lines without ...Nf6} Nbd7 (9... h5 10. Bd3 Bxd3 11. Qxd3 Nbd7 12. Nge2 b5 13. O-O O-O 14. a3 a5 15. e4 dxe4 16. fxe4 Nc5 {1-0 (41) Yu,Y (2759)-Xu,Y (2536) Hangzhou 2018}) 10. g4 Be6 11. Bd3 {White is better.} Nb6 12. b3 ({White should try} 12. h4 $14) 12... Ba3 $146 (12... Nfd7 $11) ({Predecessor:} 12... Bd6 13. Nge2 Bxf4 14. Nxf4 {½-½ (14) Zaja,I (2459)-Teofilovic,V (2225) Medulin 2002}) 13. Nge2 $14 Qe7 14. O-O h6 15. h3 Nfd7 (15... g5 $5 {[%cal Rg5f4]} 16. Be5 O-O $14) 16. Kg2 Bd6 17. e4 $36 {[%mdl 2048] White fights for an advantage.} O-O-O 18. Bxd6 Qxd6 19. e5 Qe7 20. f4 f5 21. gxf5 gxf5 (21... Bxf5 $16 22. Bxf5 gxf5) 22. Kh2 ({White should play} 22. Ng3 $18) 22... Kb8 $16 23. Nd1 Qf7 24. Ne3 Nc8 25. Rg1 Ne7 26. Rac1 Ng6 27. Qe1 Rhg8 28. Qf2 Rc8 29. Ng3 {[%cal Rg3f5]} Nh4 30. b4 Nb6 {[#]} 31. Be2 $1 Nd7 32. Nh5 Ng6 33. Rg3 Ne7 34. Rcg1 {And now Ng7 would win.} Rg6 35. Rxg6 Nxg6 36. Ng3 Ne7 37. Qf3 Ng6 38. Bd1 Qf8 39. a3 Nb6 {[#]} 40. Nh5 $1 Ne7 41. Ng7 Bg8 (41... Bd7 {keeps fighting.} 42. Be2 Na8) 42. Bc2 $18 Nc4 43. Nexf5 Nxf5 44. Bxf5 ({Less strong is} 44. Nxf5 Bh7 $14) 44... Rc7 45. Ne6 Qxf5 46. Rxg8+ Rc8 47. Qg4 Ne3 (47... Qxg4 $18 48. Rxg4 Ne3) 48. Qxf5 (48. Rxc8+ $142 Kxc8 49. Qg8+ Qf8 50. Qxf8+ Kd7 51. Qf7+ Kc8 52. Qe8#) 48... Nxf5 49. Rg6 {Accuracy: White = 63%, Black = 36%.} 1-0

[Event "Hunan Belt and Road Open 2019"]
[Site "Hunan"]
[Date "2019.08.05"]
[Round "8.19"]
[White "Radovanovic, Mihajlo"]
[Black "Motylev, Alexander"]
[Result "1-0"]
[WhiteElo "2500"]
[BlackElo "2654"]
[Annotator "TA"]
[PlyCount "49"]
[EventDate "2019.07.29"]
[EventType "swiss"]
[EventCountry "CHN"]
[SourceTitle "playchess.com"]
[Source "ChessBase"]
[SourceQuality "1"]

{[%evp 14,49,23,18,33,16,21,25,17,28,25,22,23,16,30,27,20,25,25,30,27,7,47,38,43,42,43,56,45,46,50,49,920,912,912,903,1560,260]} 1. d4 Nf6 2. c4 e6 3. Nf3 d5 4. Nc3 Bb4 5. Bg5 h6 6. Bxf6 Qxf6 7. Qa4+ Nc6 8. e3 O-O {D38: Queen's Gambit Declined: Ragozin Defence (4 Nf3 Bb4)} 9. Be2 Bd7 {[#] Hoping for ...Nxd4.} 10. Qb3 dxc4 {White has an edge.} 11. Qxc4 Qe7 12. O-O Na5 13. Qxc7 Rfc8 14. Qe5 Bxc3 15. bxc3 Qa3 {[#]} 16. Nd2 $146 ({Predecessor:} 16. Qg3 Qxc3 {½-½ (71) Korobov,A (2713)-Wojtaszek,R (2711) Warsaw 2013}) 16... Qxc3 17. Ne4 Qc7 18. Nd6 f6 19. Qg3 Rd8 $1 20. e4 Ba4 21. e5 $36 {[%mdl 2048] Threatens to win with Rac1. White has some pressure.} Nc6 $1 {[%cal Rc6d4]} 22. Qg4 fxe5 $2 {[%mdl 8192]} (22... Qe7 $14) 23. Qxe6+ $18 {[%mdl 64] [#] Double Attack. White is clearly winning.} Kf8 24. Qf5+ Ke7 25. Qf7+ {Accuracy: White = 97%, Black = 56%.} 1-0

[Event "Hunan Belt and Road Open 2019"]
[Site "Hunan"]
[Date "2019.08.05"]
[Round "8.20"]
[White "Gusain, Himal"]
[Black "Lu, Shanglei"]
[Result "1/2-1/2"]
[WhiteElo "2407"]
[BlackElo "2619"]
[Annotator "TA"]
[PlyCount "83"]
[EventDate "2019.07.29"]
[EventType "swiss"]
[EventCountry "CHN"]
[SourceTitle "playchess.com"]
[Source "ChessBase"]
[SourceQuality "1"]

{[%evp 13,83,4,8,-7,16,12,22,15,27,1,0,-12,17,0,39,31,32,25,36,37,43,31,31,35,38,37,37,30,47,45,44,46,60,55,65,37,45,52,65,52,49,44,62,61,48,4,21,20,20,20,20,20,20,20,20,20,18,0,0,0,0,0,0,0,0,0,0,0,0,0,0,0]} 1. Nf3 Nf6 2. c4 e6 3. e3 d5 4. b3 Be7 5. Bb2 O-O 6. Nc3 c5 7. cxd5 Nxd5 8. h4 {A13: English Opening: 1...e6} Nxc3 (8... Nc6 9. Qb1 f5 10. Bb5 Bd7 11. h5 Nf6 12. h6 g6 13. O-O a6 14. Be2 Ng4 15. d4 cxd4 16. exd4 {½-½ (71) Karjakin,S (2752)-So,W (2754) Abidjan 2019}) 9. dxc3 $146 ({Predecessor:} 9. Bxc3 Bf6 10. Qc2 Bxc3 11. dxc3 f5 12. e4 Kh8 13. Rd1 Qe7 14. Bd3 b6 15. Qe2 Nc6 {½-½ (40) Batsiashvili,N (2361)-Guo,Q (2359) China 2019}) 9... Qxd1+ 10. Rxd1 b6 11. g4 Bb7 12. Be2 Bc6 13. Rg1 Nd7 14. g5 b5 15. c4 b4 16. Nh2 Rfd8 17. Ng4 a5 {[%cal Ba7a5,Ba5a4][%mdl 32]} 18. f4 a4 19. Rd2 Be4 20. Bd3 Bxd3 21. Rxd3 Kf8 22. h5 axb3 23. axb3 f5 24. gxf6 Nxf6 25. Rxd8+ Bxd8 26. h6 {[#] Threatens to win with hxg7+.} Ra2 27. Be5 {And now hxg7+ would win.} Nh5 28. hxg7+ $1 Nxg7 29. Nh6 (29. Rh1 $5 {[%cal Rh1h7]} Kg8 30. e4 $14) 29... Nf5 {The position is equal.} 30. Rg8+ Ke7 31. Nxf5+ exf5 $11 {[%mdl 4096] Endgame KRB-KRB} 32. Rg7+ Ke6 33. Rxh7 Ra3 34. Rh6+ Kf7 35. Rh8 Be7 36. Rh7+ Ke6 37. Rh6+ Kf7 38. e4 fxe4 39. f5 Rxb3 40. Rh7+ Ke8 41. Rh8+ Kf7 {[#] Hoping for ...Bf6.} 42. Rh7+ $1 {Accuracy: White = 62%, Black = 72%.} 1/2-1/2

[Event "Hunan Belt and Road Open 2019"]
[Site "Hunan"]
[Date "2019.08.05"]
[Round "8.21"]
[White "Yeoh, Li Tian"]
[Black "Chen, Qi b"]
[Result "1-0"]
[WhiteElo "2528"]
[BlackElo "2414"]
[Annotator "TA"]
[PlyCount "94"]
[EventDate "2019.07.29"]
[EventType "swiss"]
[EventCountry "CHN"]
[SourceTitle "playchess.com"]
[Source "ChessBase"]
[SourceQuality "1"]

{[%evp 9,94,-11,0,0,0,-12,4,0,35,37,53,62,59,50,69,77,78,60,54,66,55,51,97,0,0,0,2,0,8,0,22,36,66,41,83,83,108,96,104,106,121,63,114,63,67,62,96,-69,0,-44,71,56,240,229,516,507,435,524,637,637,616,580,1043,1048,780,555,1045,957,29976,2331,1817,962,793,707,5306,2033,4810,1132,5111,1019,918,947,1230,1208,1426,1251,5818]} 1. e4 c5 2. Nc3 d6 3. d4 cxd4 4. Qxd4 Nf6 (4... Nc6 5. Qd2 Nf6 6. b3 e6 7. Bb2 d5 8. exd5 exd5 9. O-O-O Be6 10. a3 Bc5 11. Nf3 {½-½ (49) Caruana,F (2819)-Vachier Lagrave,M (2773) Karlsruhe/Baden Baden 2019}) 5. b3 e5 6. Qd2 {B23: Closed Sicilian: Lines without g3} Be7 7. Bb2 O-O 8. O-O-O {The position is equal.} Be6 9. f4 $146 ({Predecessor:} 9. Kb1 a6 10. f4 exf4 11. Nge2 {0-1 (38) Peng,X (2427)-Chen,Q (2432) Tianjin 2018}) 9... exf4 10. Nge2 Nc6 11. Nxf4 a6 12. Kb1 Ne5 13. h3 Rc8 14. g4 Nfd7 15. Bg2 Nb6 16. Ncd5 (16. Nce2 $16) 16... Bxd5 $11 17. Nxd5 Nxd5 18. exd5 {Threatens to win with Bxe5.} Bg5 19. Qb4 Qc7 20. Be4 {Strongly threatening Bxe5.} Bf6 21. Bf5 (21. g5 $5 Bxg5 22. Bxe5 dxe5 23. d6 $16) 21... Rcd8 22. h4 g6 23. g5 $1 {[%cal Rg5f6]} Bg7 24. Bh3 Rfe8 {[#]} 25. Qf4 ({Better is} 25. h5 $1 $16 {[%mdl 512]}) 25... b5 ({Black should play} 25... Qc5 $14) 26. Bg2 (26. h5 $16) 26... a5 27. h5 a4 28. Rh3 $2 (28. Qh4 $16) 28... Rc8 (28... Ra8 $15) 29. Qd2 Qb6 (29... axb3 $15 {stays ahead.} 30. cxb3 (30. axb3 Qa7 $11) 30... Qd7) 30. Bd4 Qa6 $2 (30... Qb7 $14) 31. hxg6 $1 $18 hxg6 $2 (31... Nxg6 {was worth a try.} 32. Bxg7 axb3 33. cxb3 Kxg7) 32. Rdh1 axb3 33. cxb3 Rc7 34. Be4 Rec8 35. Bb2 Qa7 36. Qf4 Ra8 37. a3 f5 38. gxf6 Rf8 39. Bxg6 (39. Bxe5 $142 dxe5 40. Qxe5 Re7 41. f7+ $1 {[%mdl 512]} Kxf7 42. Bxg6+ $1 {[%mdl 576] Remove Defender} Kxg6 43. Qh5+ Kf6 44. Rf3#) 39... Rxf6 {White is clearly winning.} 40. Bh7+ Kf7 41. Bf5 Kf8 42. Qg5 (42. Bxe5 $142 dxe5 43. Qg5) 42... Rcf7 43. Be6 (43. Bxe5 $142 dxe5 {[#]} 44. d6 $1 {[%mdl 512]}) 43... Qf2 44. Bxf7 (44. Bxe5 $142 Ke7 45. Bxf7 {[%mdl 64] Pin} Qf5+ 46. Qxf5 Rxf5 47. Bxg7 Kxf7 48. Bb2) 44... Nxf7 45. Qc1 Ne5 46. Rc3 Qf5+ 47. Ka2 Ke8 {Accuracy: White = 50%, Black = 23%.} 1-0

[Event "Hunan Belt and Road Open 2019"]
[Site "Hunan"]
[Date "2019.08.05"]
[Round "8.22"]
[White "Liu, Yan"]
[Black "Wang, Chen"]
[Result "1/2-1/2"]
[WhiteElo "2516"]
[BlackElo "2476"]
[Annotator "TA"]
[PlyCount "47"]
[EventDate "2019.07.29"]
[EventType "swiss"]
[EventCountry "CHN"]
[SourceTitle "playchess.com"]
[Source "ChessBase"]
[SourceQuality "1"]

{[%evp 15,47,0,60,59,64,68,67,57,56,48,60,53,72,58,59,28,35,33,36,5,6,0,10,0,0,0,0,0,0,0,0,-28,-26,-51]} 1. e4 Nf6 2. e5 Nd5 3. d4 d6 4. Nf3 g6 5. Bc4 Nb6 6. Bb3 Bg7 7. a4 dxe5 8. a5 Nd5 (8... N6d7 $11) 9. dxe5 {B04: Alekhine's Defence: 4 Nf3} (9. Nxe5 O-O 10. O-O e6 11. Re1 Nd7 12. Nd2 c5 13. Nxd7 Bxd7 14. dxc5 Bc6 15. Nc4 Qh4 16. Ne5 Bxe5 17. Rxe5 {1-0 (62) Binham,T (2570)-Ruefenacht,M (2515) ICCF corr 1992}) 9... c6 10. Nc3 {[%cal Rc3d5]} Nxc3 {[%csl Gc3][%cal Rd8d1] [#]} 11. Qxd8+ {White is slightly better.} Kxd8 12. bxc3 Nd7 $146 ({Predecessor:} 12... Ke8 13. Bf4 h6 14. h4 Na6 15. O-O Bg4 16. Nd4 g5 {½-½ (25) Pg,M-Hoang Canh,H Singapore 2002}) 13. Bf4 ({But not} 13. Bxf7 Nxe5 14. Nxe5 Bxe5 $11) 13... Ke8 14. O-O Nc5 15. h3 Nxb3 16. cxb3 Be6 17. b4 Bd5 18. Rad1 Bxf3 19. gxf3 Rd8 20. Rfe1 a6 21. Kf1 Rd7 22. Ke2 Kd8 23. Ke3 Kc8 24. Ke4 {Accuracy: White = 59%, Black = 89%.} 1/2-1/2

[Event "Hunan Belt and Road Open 2019"]
[Site "Hunan"]
[Date "2019.08.05"]
[Round "8.23"]
[White "Zhu, Jiner"]
[Black "Tan, Zhongyi"]
[Result "1/2-1/2"]
[WhiteElo "2454"]
[BlackElo "2511"]
[Annotator "TA"]
[PlyCount "80"]
[EventDate "2019.07.29"]
[EventType "swiss"]
[EventCountry "CHN"]
[SourceTitle "playchess.com"]
[Source "ChessBase"]
[SourceQuality "1"]

{[%evp 19,80,0,0,0,0,4,21,31,31,28,36,42,60,62,82,80,133,101,101,93,96,68,99,87,79,79,79,79,102,102,106,97,91,79,120,90,91,112,104,49,99,54,72,0,0,-69,-69,-82,-74,-63,-63,-60,-32,-23,-24,-53,-52,-166,0,0,0,0,0]} 1. e4 e5 2. Nf3 Nc6 3. Bb5 Nf6 4. O-O Nxe4 5. d4 Nd6 6. dxe5 Nxb5 7. a4 Nbd4 8. Nxd4 Nxd4 9. Qxd4 d5 10. exd6 Qxd6 11. Qe3+ {C67: Ruy Lopez: Berlin Defence: 4 0-0 Nxe4} (11. Qe4+ Qe6 12. Qd4 {½-½ (14) Vallejo Pons,F (2713)-Andreikin,D (2723) Porto Carras 2018}) 11... Be6 12. Nc3 {With the idea Nb5.} Qc6 13. Nb5 Bd6 14. Nd4 Qd7 $146 ({Predecessor:} 14... Qd5 15. Nxe6 Qxe6 16. Qxe6+ fxe6 17. Re1 Kd7 18. Re4 Rhf8 {½-½ (27) Ismagambetov,A (2471)-Jumabayev,R (2287) Astana 2012}) 15. Nf5 Kf8 16. Nxd6 Qxd6 17. Ra3 Re8 (17... h5 $142) 18. Rd3 Qb6 19. Qf4 h5 20. b3 Qc6 21. Qb4+ Kg8 22. Rc3 Qb6 23. Qf4 c6 24. Rg3 {Rxg7+! is the strong threat.} Qc5 25. Bb2 Rh7 26. Re1 Qxc2 27. Qf6 {[%cal Rg3g7]} Kf8 28. Rxg7 Rxg7 29. Qxg7+ Ke7 30. Qd4 {Strongly threatening Ba3+.} c5 {[#]} 31. Ba3 ({Better is} 31. Qe5 $1 $16 {[%cal Re5c7]} Rd8 32. Bc3) 31... b6 $1 $11 32. Rd1 (32. h4 $11) 32... f6 $1 $15 33. h3 Kf7 ({Of course not} 33... Qxb3 $6 34. Rd3 $11) 34. Qd6 Qxb3 35. Rd3 Qb1+ ({Worse is} 35... Qxa4 36. Bb2 $16) 36. Kh2 Qa1 37. f4 h4 $1 38. a5 {[#]} (38. Re3 $15) 38... Bf5 $2 (38... Bc8 $1 $19 {Hoping for ...Re1.} 39. Qc7+ (39. axb6 $2 Re1 $19) 39... Kg6) 39. Qd5+ $1 $11 Kg6 {[#]} 40. Re3 $1 {[%cal Re3e8][%mdl 512]} Rxe3 {Accuracy: White = 68%, Black = 69%.} 1/2-1/2

[Event "Hunan Belt and Road Open 2019"]
[Site "Hunan"]
[Date "2019.08.05"]
[Round "8.24"]
[White "Adhiban, B.."]
[Black "Zhao, Yuanhe"]
[Result "1/2-1/2"]
[WhiteElo "2665"]
[BlackElo "2448"]
[Annotator "TA"]
[PlyCount "93"]
[EventDate "2019.07.29"]
[EventType "swiss"]
[EventCountry "CHN"]
[SourceTitle "playchess.com"]
[Source "ChessBase"]
[SourceQuality "1"]

{[%evp 12,93,16,16,27,25,35,34,28,18,91,78,98,55,57,54,56,53,73,70,62,56,58,58,44,52,59,62,58,27,62,54,67,43,74,72,72,72,77,81,79,76,81,79,84,79,97,87,112,107,170,123,176,168,164,139,139,150,145,134,151,131,131,131,131,131,139,0,0,0,125,141,120,0,0,0,0,0,0,0,0,0,0,0]} 1. e4 e5 2. Nf3 Nf6 3. Nxe5 d6 4. Nf3 Nxe4 5. Nc3 Nxc3 6. dxc3 Be7 7. Be3 Nc6 {C42: Petroff Defence: 3 Nxe5 and unusual White 3rd moves} 8. Bd3 (8. Qd2 Be6 9. O-O-O Qd7 10. h3 Bf6 11. g4 h6 12. Bg2 O-O-O 13. b3 g5 14. Nd4 Nxd4 15. cxd4 d5 16. f4 gxf4 17. Bxf4 {½-½ (39) Cheparinov,I (2679)-Wang,Y (2684) China 2019}) 8... Be6 9. Qe2 Qd7 {White is slightly better.} 10. O-O-O O-O-O {[#]} (10... Bf6 $11) 11. Bb5 $1 $16 Bg4 $146 ({Predecessor:} 11... Kb8 12. Ne5 dxe5 13. Rxd7 Bxd7 14. Rd1 Bd6 15. Qc4 {1-0 (42) Shevchenko,K (2554)-Unat,C (2047) Ankara 2018}) 12. Bxa7 Qe6 13. Qxe6+ fxe6 14. Be3 Bxf3 15. gxf3 Ne5 16. Be2 Rdf8 17. Rdg1 g5 18. Bxg5 Bxg5+ 19. Rxg5 Nxf3 20. Rg7 Ne5 21. Rf1 Rf6 22. a4 Rg6 23. Rg1 Rf8 24. R7xg6 Nxg6 {[%mdl 4096] Endgame KRB-KRN} 25. f3 Rf5 26. Rg3 Rh5 27. h3 Rh4 28. b3 Ne7 29. Bf1 Rf4 30. Kd2 Nf5 (30... Kd8 $16 {was called for.}) 31. Rg8+ $18 Kd7 {[#]} 32. Rb8 $1 {Threatens to win with Bb5+.} Kc6 33. b4 Kb6 34. a5+ Ka7 35. Rc8 Rxf3 36. Be2 Rxh3 37. Rxc7 Kb8 38. Rf7 Rh2 39. Kd3 Rh3+ 40. Kd2 Rh2 41. Rf8+ Ka7 42. b5 (42. Rf6 $16) 42... b6 $11 {The position is equal.} 43. Rf7+ Kb8 44. a6 {And now Rb7+ would win.} ({Don't blunder} 44. axb6 $2 Ng3 $19) 44... Ng3 45. Rf8+ Ka7 46. Rf7+ Ka8 47. Rf8+ {Accuracy: White = 76%, Black = 64%.} 1/2-1/2

[Event "Hunan Belt and Road Open 2019"]
[Site "Hunan"]
[Date "2019.08.05"]
[Round "8.25"]
[White "Fang, Yan"]
[Black "Zhao, Zong-Yuan"]
[Result "0-1"]
[WhiteElo "2424"]
[BlackElo "2529"]
[Annotator "TA"]
[PlyCount "102"]
[EventDate "2019.07.29"]
[EventType "swiss"]
[EventCountry "CHN"]
[SourceTitle "playchess.com"]
[Source "ChessBase"]
[SourceQuality "1"]

{[%evp 15,102,0,-1,-14,0,-6,-24,-43,-25,-51,-27,-39,-41,-49,-39,-62,-38,-43,-18,-52,-23,-27,-32,-70,-49,-134,-102,-107,-95,-87,-99,-78,-47,-57,-54,-179,-170,-170,-174,-160,-79,-123,-123,-129,-77,-220,0,-4,0,-15,-7,-25,-27,-54,-49,-76,-94,-117,-93,-111,-64,-130,-72,-145,-103,-246,-17,-5,-5,-179,-150,-250,-254,-578,-389,-5085,-4155,-4155,-4859,-4147,-4859,-2379,-2204,-2102,-1751,-5557,-5462,-2674,-2348]} 1. d4 Nf6 2. g3 c5 3. c3 d5 4. Bg2 e6 5. Nf3 Be7 6. O-O O-O 7. dxc5 Bxc5 8. c4 Nc6 9. Nbd2 {D02: 1 d4 d5 2 Nf3 sidelines, including 2...Nf6 3 g3 and 2...Nf6 3 Bf4} (9. a3 a5 10. Bg5 d4 11. Nbd2 Be7 12. e3 e5 13. exd4 exd4 14. Re1 h6 15. Bf4 Nh5 16. Be5 Nf6 17. Nb3 {0-1 (29) Ponkratov,P (2607)-Halkias,S (2585) Tallinn 2016}) 9... h6 10. cxd5 exd5 11. Nb3 {Black has an edge.} Bb6 12. Nfd4 Re8 13. a4 $146 ({Predecessor:} 13. e3 Bg4 14. f3 Bd7 15. Re1 Ne5 16. a4 a6 17. a5 Ba7 {0-1 (26) Cuenca Jimenez,F (2174)-Cuenca Jimenez,J (2440) Malaga 2009}) 13... Bg4 14. Bf4 Rc8 15. h3 Bh5 16. g4 Bg6 17. e3 Ne5 18. a5 Bc7 19. a6 bxa6 20. Nf5 (20. Bxe5 $15 Bxe5 21. Rxa6) 20... h5 21. Nbd4 hxg4 22. Bxe5 Bxe5 23. hxg4 Qb6 24. g5 Ne4 25. f4 {[#]} (25. Qg4 $15 Bxf5 26. Nxf5) 25... Bxf5 $1 $19 26. fxe5 Bg6 27. Qg4 Rcd8 (27... Rc7 $142 28. Bxe4 dxe4) 28. e6 fxe6 29. Bxe4 dxe4 (29... Bxe4 $142 30. Rf2 e5) 30. Rf2 (30. Rae1 $17 {was necessary.}) 30... Rxd4 $2 {[#]} ({Better is} 30... e5 $19 31. Nc2 Rf8) 31. exd4 $11 Bf5 32. Qg3 Qxd4 33. Re1 Rd8 34. Qe3 Qb6 35. g6 Bxg6 36. Qg5 Rf8 37. Qe3 Bf5 38. Kg2 ({White should play} 38. Rd2 $15) 38... Rf6 (38... Rd8 $142 39. Qxb6 axb6) 39. Rc2 (39. Qxb6 $142 axb6 40. Rd2) 39... Rg6+ 40. Kf2 (40. Kh1 $17 {was forced.}) 40... Rh6 $2 ({Black should try} 40... Qd8 $19 {Strongly threatening ...Qh4+.} 41. Rh1 Bg4) 41. Qxb6 axb6 {[%cal Ba7b6,Bb6b5][%mdl 4128] Endgame KRR-KRB} 42. Ke3 $2 (42. Rc7 $1 $11 {and White has nothing to worry.}) 42... Kf7 43. b4 (43. Kd4 $17 {is a better defense.}) 43... Rh3+ $19 44. Kd4 $2 (44. Ke2) 44... Kf6 45. Rc6 $2 (45. Rd1 Rb3 46. Kc4) 45... Rd3+ {Black is clearly winning.} 46. Kc4 b5+ 47. Kc5 Rc3+ 48. Kb6 Rxc6+ 49. Kxc6 Ke5 50. Kc5 g5 51. Ra1 e3 {Accuracy: White = 19%, Black = 48%.} 0-1

[Event "Hunan Belt and Road Open 2019"]
[Site "Hunan"]
[Date "2019.08.05"]
[Round "8.26"]
[White "Xu, Zhihang"]
[Black "Gan-Erdene, Sugar"]
[Result "1-0"]
[WhiteElo "2501"]
[BlackElo "2408"]
[Annotator "TA"]
[PlyCount "139"]
[EventDate "2019.07.29"]
[EventType "swiss"]
[EventCountry "CHN"]
[SourceTitle "playchess.com"]
[Source "ChessBase"]
[SourceQuality "1"]

{[%evp 17,139,41,50,49,77,33,29,20,52,40,57,48,51,53,68,63,69,72,139,137,172,170,153,160,172,130,180,190,271,94,100,0,0,0,0,0,98,101,114,111,114,121,95,73,204,198,283,279,617,102,102,102,102,102,102,61,102,61,102,102,102,102,102,102,102,102,102,102,102,102,102,102,102,102,102,102,102,102,102,102,102,74,102,85,87,87,85,92,195,71,71,71,71,71,71,0,75,77,183,179,608,587,589,593,570,555,537,529,1193,1225,1062,789,1662,1497,29985,29986,29986,29987,29987,925,29973,29969,29990,29986]} 1. d4 Nf6 2. c4 g6 3. Nc3 Bg7 4. e4 d6 5. Be2 O-O 6. Nf3 Na6 7. O-O e5 8. Be3 Ng4 9. Bg5 Qe8 10. Nd5 {E94: King's Indian: Classical: 6 Be2 e5 7 0-0: Various Black 7th moves} exd4 11. h3 (11. Nxd4 $5 {[%cal Re2g4]} Qe5 12. Nf3 (12. Bxg4 Qxg5 13. Bxc8 Raxc8 $15) 12... Qxb2 13. Rb1 Qxa2 14. Nd4 $11) 11... f6 12. Bf4 {White has an edge.} d3 13. Qxd3 $146 ({Predecessor:} 13. Bxd3 Ne5 14. Re1 c6 15. Nc3 Qf7 16. Rc1 Nc5 17. Bf1 Ne6 18. Bg3 {1-0 (42) Vorobiov,E (2585)-Dobrovoljc,V (2297) Nova Gorica 2017}) 13... Ne5 14. Qd2 Qf7 15. b4 $36 {[%cal Bb2b4,Bb4b5][%mdl 2080] White fights for an advantage.} c6 16. Ne3 Nxf3+ 17. Bxf3 f5 (17... Nc7 $142) 18. exf5 $1 $16 (18. Bxd6 $6 Bxa1 19. Bxf8 (19. Rxa1 fxe4 20. Bxf8 exf3 $11) 19... Qxf8 $16) 18... Bxa1 19. Rxa1 Bxf5 20. b5 $1 {[%cal Rb5a6]} Nc5 21. bxc6 ({But not} 21. Bxd6 $6 Rad8 $16) 21... Be4 22. Bxd6 Bxf3 (22... Qf6 $142 23. Rd1 Bxf3) 23. Bxc5 $2 (23. gxf3 $18 {is the precise move to win. Strongly threatening Ng4.} Qf6 24. Qd5+ Rf7 25. Re1 bxc6 26. Qxc5) 23... Rfd8 24. Qc3 (24. Qe1 $16 Bxc6 25. Ng4) 24... Bxc6 $11 25. Ng4 {[%cal Rg4h6]} Qg7 26. Ne5 Rac8 (26... Qf6 $11) 27. Bd4 $1 $16 {[%mdl 1024] White has strong compensation.} Qf8 28. Ng4 $1 h5 29. Nf6+ Kf7 {And now ...Rxd4! would win.} 30. Rd1 Qd6 (30... Rd6 $16) 31. c5 $18 Qe6 (31... Qxf6 $142 32. Bxf6 Rxd1+ 33. Kh2 Rd7) 32. Re1 Qf5 $2 (32... Qxe1+ 33. Qxe1 Rxd4) 33. Qe3 $2 (33. Qb3+ $18 {is more deadly.} Rd5 34. Qe3) 33... Re8 $16 34. Nxe8 Rxe8 35. Be5 g5 36. Qd4 Re6 37. Re3 Kg6 38. f3 h4 39. Kh2 a6 40. a3 Re8 41. Re1 Re6 42. Qb2 Re8 43. Re3 Re6 44. Kg1 Re8 45. Qe2 Qb1+ 46. Kh2 Bb5 47. Qd2 Qf5 48. Qd6+ Qe6 49. Qd4 Qf5 50. f4 {fxg5 is the strong threat.} Bc6 51. fxg5 Qxg5 {[%csl Gc6][%cal Rg5g2]} 52. Re2 Re6 (52... Kh7 $16 {is a better defense.}) 53. Qd3+ (53. Qc4 $1 $18 {[%cal Rc4e6]} Qf5 54. Qxh4) 53... Qf5 54. Qd8 Kh5 55. Qd1 {Hoping for Re4+.} Kg6 56. Qd4 ({White should play} 56. Re1 $16) 56... Kh5 (56... Qg5 $11 {remains equal.}) 57. Qd8 Qf1 {[#]} (57... Re8 $16 58. Qd4 Re6) 58. Rd2 $1 $18 Rg6 $2 (58... Qf5 59. Bc7 Qf6) 59. Qh8+ Rh6 60. Qg7 {[%csl Gh3][%cal Rg7g4]} Rg6 {[#]} 61. Qh7+ $1 Rh6 62. Qc2 {Rf2 would kill now.} Rg6 63. Rf2 {Threatening mate with Qf5+.} Be4 64. Qb2 ({Not} 64. Rxf1 Bxc2 65. Rf4 Re6 $14) ({Less strong is} 64. Qxe4 Qxf2 65. a4 (65. Qxb7 Qf5 $16) 65... Qf7 $16) 64... Qd3 65. Bd6 {Intending Qh8+ and mate.} Qd5 66. Qh8+ Rh6 67. Qe8+ Rg6 68. Re2 (68. Rf4 $142 Qg5 69. Qxe4 Rf6 70. Rg4 Qf5 71. Qe8+ Rf7 72. Rg7 Qe6 73. Qxe6) 68... Bf5 69. Bf4 Qg8 {[#]} 70. Re7 {Played: Re2-e5} 1-0